Sports Quiz

Random Sports or World Cup Quiz

Where Are They: U-20 Champions Quiz Stats

 Plays Quiz not verified by Sporcle

Also try: 4-Letter MLB Teams
Challenge
Share
Tweet
Embed
Score 0/98 Timer 12:00
0 Plays Today
Player Current/Last Club % Correct
XaviBarcelona
97.3%
Daniel AlvesBarcelona
97.3%
Lionel MessiBarcelona
97.3%
Iker CasillasReal Madrid
96.5%
Ángel di MaríaReal Madrid
96.5%
Pablo ZabaletaManchester City
81.4%
Sergio AgüeroManchester City
81.4%
Federico FazioSevilla
78.8%
Oscar UstariBoca Juniors
77.9%
Rodrigo ArchubiBoca Juniors
77.9%
Fernando GagoValencia
77.9%
Éver BanegaValencia
77.9%
Pablo PiattiValencia
77.9%
Lautaro AcostaBoca Juniors
77.9%
Patricio PérezBoca Unidos
77%
Leonardo PonzioRiver Plate
74.3%
Gabriel MercadoRiver Plate
74.3%
Ezequiel GarayBenfica
70.8%
Maxi RodríguezNewell's Old Boys
66.4%
Mauro ZárateLazio
63.7%
Andres D'AlessandroInternacional
58.4%
DagobertoInternacional
58.4%
Matías CahaisRacing Club
58.4%
Nicolás BurdissoRoma
56.6%
Leandro RomagnoliSan Lorenzo
55.8%
Germán VoborilSan Lorenzo
55.8%
Javier SaviolaMálaga
54.9%
Wilfredo CaballeroMálaga
54.9%
Emiliano InsúaSporting CP
54.9%
Fabricio ColocciniNewcastle United
53.1%
Emiliano ArmenterosOsasuna
51.3%
Ariel SeltzerIndependiente Rivadavia
46%
Gustavo ObermanArgentinos Juniors
46%
Player Current/Last Club % Correct
Alejandro CabralVélez Sársfield
46%
Daniel AranzubiaDeportivo La Coruña
40.7%
Carlos MarchenaDeportivo La Coruña
40.7%
Germán LuxDeportivo La Coruña
40.7%
Matías SánchezEstudiantes La Plata
37.2%
KléberGrêmio
36.3%
FernandinhoShakhtar
34.5%
Diego ColottoEspanyol
31%
Claudio YacobWest Bromwich Albion
30.1%
Gabriel PalettaParma
29.2%
Lucas BigliaAnderlecht
28.3%
Sergio RomeroSampdoria
27.4%
David AbrahamGetafe
25.7%
Álex Lombarderoretired (previously Gramenet)
24.8%
Mauro CettoPalermo
24.8%
Renato SilvaVasco da Gama
21.2%
AndrezinhoBotafogo
20.4%
JeffersonBotafogo
20.4%
Damián EscuderoAtlético Mineiro
20.4%
Julio ArcaMiddlesbrough
18.6%
Dudu CearenseGoiás
18.6%
Fernando Varelano club (previously Valladolid)
16.8%
Gustavo CabralCelta de Vigo
16.8%
Alejandro GómezCatania
16.8%
Pablo OrbaizRubin Kazan
15.9%
José BarkeroLevante
15.9%
Alejandro DomínguezRayo Vallecano
15.9%
Maxi MoralezAtalanta
15.9%
Daniel CarvalhoPalmeiras
15%
Bruno CentenoEverton (CHI)
14.2%
Gabriel SantosAmérica Mineiro
13.3%
Álvaro RubioValladolid
12.4%
Pablo Coirano club (previously Honvéd)
9.7%
Player Current/Last Club % Correct
JuninhoNacional da Madeira
8%
Mauro RosalesSeattle Sounders
5.3%
Javier GarcíaTigre
5.3%
NilmarAl-Rayyan
4.4%
Leonardo SigaliGodoy Cruz
4.4%
David AganzoAris F.C.
3.5%
CoelhoBahia
3.5%
AlcidesDnipro Dnipropetrovsk
3.5%
Juan Manuel TorresMetalist Kharkiv
3.5%
Neri CardozoMonterrey
3.5%
Francisco YesteBaniyas SC
2.7%
Sebastián BuenoPerugia Calcio
2.7%
AdrianoCoritiba
2.7%
GabriFC Lausanne-Sport
1.8%
Oscar AhumadaAll Boys
1.8%
AndreyABC
1.8%
Pablo VittiLDU de Quito
1.8%
Nereo ChampagneClub Olimpo
1.8%
Nicolás MedinaO'Higgins
0.9%
Fernando HenriqueCeará
0.9%
AdaíltonHenan Jianye
0.9%
JardelCeará
0.9%
Julio BarrosoO'Higgins
0.9%
Nicolás NavarroKayserispor
0.9%
David BermudoBadalona
0%
Francisco Javier JusuéCD Egüés
0%
Pablo CouñagoĐồng Tâm Long An
0%
Gonzalo ColsaMirandés
0%
Rubén SuárezGuizhou Renhe
0%
Esteban José HerreraMitra Kukar FC
0%
Carlos AlbertoJoinville
0%
Lautaro FormicaAsteras Tripolis
0%

You're not logged in!

Compare scores with friends on all Sporcle quizzes.
Join for Free
OR
Log In

You Might Also Like...

Show Comments

Extras

Top Quizzes Today


Score Distribution

Your Account Isn't Verified!

In order to create a playlist on Sporcle, you need to verify the email address you used during registration. Go to your Sporcle Settings to finish the process.

Report this User

Report this user for behavior that violates our Community Guidelines.

Details: